Дело о службе состоявшего при санкт-петербургских театрах, уволенного с пенсионом музыканта-трубача Петра Бойкова (он же Бойко)

Доступно только в Электронных читальных залах Найти на картеНа карте
RUSMARC
00003783nmc2a22000003x 450
001692f1fd5-9953-41b2-a4c8-8e32d3fe1e09
00520181221224212.0
100##$a20170627l18451876k l0rusy0189 ca
1010#$arus
102##$aRU
2001#$aДело о службе состоявшего при санкт-петербургских театрах, уволенного с пенсионом музыканта-трубача Петра Бойкова (он же Бойко)
$j5 декабря 1845 г. - 14 октября 1876 г.
251##$cДело
300##$aПо Санкт-Петербургской дирекции за 1845 год
300##$aДело
801#0$aRU
$bРГИА
$c20170627
$gRCR
801#1$aRU
$bГлавНИВЦ
$c20170627
$2rusmarc
801#2$aRU
$bПБ им. Б.Н. Ельцина
$c20181221
$gRCR
$2rusmarc
850##$aРГИА
852##$aРГИА
$eФедеральное казенное учреждение "Российский государственный исторический архив" (РГИА)
$j10191
937##$hРГИА
$d12245210
$aASBIBLIO_SCAN
462#0$1001dd3991dc-24e1-42ec-8838-ca4255420416
$12001
$a1746-1850 гг.
$1251
$cОпись
$1852
$j1
461#0$10019264ebf8-de62-4f1a-9eb4-9f22098dbbd5
$12001
$aДирекция императорских театров МИДв
$1251
$cФонд
$1852
$j497
215##$a19 л.
$d36,5х26 см
371##$aДокумент не является опубликованным и широко распространяемым
105##$ay###
1222#$ad
035##$a692f1fd5-9953-41b2-a4c8-8e32d3fe1e09
856##$uhttp://readingroom.main.prlib.ru/item.aspx?id_node=n122204711&mode=full
Формат отображения